| 000 | 00983nam a22002175i 4500 | ||
|---|---|---|---|
| 001 | 167880 | ||
| 003 | ES-MaACL | ||
| 005 | 20230906213621.0 | ||
| 008 | 051004s1883 xxka | |||||||| ||eng d | ||
| 040 |
_aCAM _bspa _cCAM |
||
| 245 | 0 | 0 |
_aWebster's complete dictionary of the English Language _b: with various literary appendices and numerous additional illustrations / _cthoroughly revised and improved by Chauncey A. Goodrich and Noah Porter. |
| 250 |
_aNew ed. of 1880 _bwith a supplement of New Words and an Additional Appendix of Biographical Names. |
||
| 260 |
_aLondon : _bGeorge Bell & Sons, _c1883. |
||
| 300 |
_a2 v. (LXXI, [1] , 898 p.; p. 899-1847 p.) : _bil. ; _c28 cm. |
||
| 650 | 4 |
_aLengua inglesa- _vDiccionarios. _914269 |
|
| 700 | 1 |
_aBell, George, _eed. _9125894 |
|
| 700 | 1 |
_aGoodrich, Chauncey A., _erev. _9127469 |
|
| 700 | 1 |
_aPorter, Noah, _erev. _9131295 |
|
| 752 |
_aGran Bretaña - _dLondres |
||
| 852 |
_aES-MaACL _jG-7511-7512 _z-- Enc. pasta española |
||
| 999 |
_c167880 _d167880 |
||